000 00391nam a2200145Ia 4500
008 230917s9999||||xx |||||||||||||| ||und||
040 _e141436
_aMAIN
041 _aEnglish
082 _a954.02 S23J
100 _aSharma, Mathuralal
245 0 _aJahirudin muhammad Babur ki Tuzuk-e-Babri: Atam Jeevni
260 _aGwalior
_bKailash Pustak Sadan
_c1972
300 _a226 p.
942 _cBK
999 _c187001
_d187001